00726aam a2200205 i 4500001001400000003000400014005001700018008004100035020003800076040002900114082001700143245005600160264008100216300004600297336002100343337002500364338002300389650003000412880007800442vtls000872362PNM20200806104540.0190305s2018 ii a b 000 1 tam d a9788123436005qpaperbackcRM19.60 aPNMbengcPNMerdadPPAK04a894.8113223106880-01aIndra ennum sippi =bAn oyster named Indira 1aChennai, India :bNestling Books Publishing and Distributors (P) Ltd.,c2018 a16 pages :bcolour illustrations ;c29 cm atext2rdacontent aunmediated2rdamedia avolume2rdacarrier10aChildren's stories, Tamil106245-01/$1aஇந்திரா என்னும் சிப்பி